Fichajes Récord del Real Sociedad - Estadísticas

Estadísticas generales
  • Esta prueba ha sido intentada 204 veces
    52 desde el último reinicio
  • La puntuación promedio es 14 de 20
Estadísticas de respuestas
$$$ Temporada Viene de... Jugador % Correcto
16.000.000 2015/16 Real Madrid Asier Illarramendi
97%
14.000.000 2022/23 Celta de Vigo Brais Méndez
97%
20.000.000 2022/23 Almería Umar Sadiq
97%
12.000.000 2018/19 Newcastle United Mikel Merino
92%
15.000.000 2019/20 Borussia Dortmund Alexander Isak
90%
20.000.000 2024/25 Copenhague Orri Óskarsson
90%
11.000.000 2025/26 Girona Yangel Herrera
90%
13.000.000 2023/24 Dinamo Moscú Arsen Zakharyan
82%
14.000.000 2012/13 Arsenal Carlos Vela
77%
8.700.000 2024/25 Manchester City Sergio Gómez
77%
10.000.000 2019/20 Girona Portu
74%
10.000.000 2024/25 RB Salzburgo Luka Sucic
59%
8.500.000 2017/18 Manchester United Adnan Januzaj
56%
13.000.000 2022/23 Angers Mohamed-Ali Cho
56%
10.000.000 2020/21 Sevilla Carlos Fernández
49%
9.630.000 2016/17 CD Maldonado Willian José
44%
7.200.000 2015/16 Elche Jonathas
41%
8.000.000 2014/15 Heerenveen Alfred Finnbogason
36%
11.000.000 2017/18 Real Madrid Diego Llorente
36%
8.000.000 1996/97 Sheffield Wednesday Darko Kovačević
18%
No se encontraron pruebas coincidentes
Distribución de puntuación
Porcentaje de gente con cada puntuación
Porcentaje por número respondido
Historial de tus puntuaciones
No has intentado esta prueba desde el último reinicio